000 00421nam a2200193Ia 4500
003 0100
008 130303s9999 xx 000 0 und d
020 _a671456547
040 _cARRUPELIB
050 _aE814.M261992
100 _aDavid McCullough
245 _aTruman
260 _aNew York
260 _bSimon Schuster
260 _C1992
300 _a1117p. 22cm
700 _aDavid McCullough
942 0 0 _013
999 _c12409
_d12409